000 00180nam a22000617a 4500
999 _c23977
_d23977
003 Nust
005 20170410165942.0
008 140429b xxu||||| |||| 00| 0 eng d
020 _a9814126608
040 _aDLC
_bDLC
_cRCMS
050 _a621.3827 AGR
082 _a621.3827 AGR
100 _aGONND P. AGRAWAL
245 _aFiber-Optic Communication Systems
250 _a3rd, ed.
260 _aNew York
_bJohn Wiley & Sons
_cc2002
300 _axvii,546,p:
_bill:
_c26,cm.
538 _iShelf # 15, Row # 2, Communication.
650 _aMicrowave and Optical Engineering
856 _3Table of Content Only
942 _2ddc
_cBK
_k621.3827 AGR